The Rolling Stones Charting Songs (Billboard Hot 100) - Statistics

General Stats
  • This quiz has been taken 32 times
  • The average score is 18 of 57
Answer Stats
Album Weeks On Peak Song % Correct
Out of Our Heads 14 Weeks #1 (4 Weeks) (I Can't Get No) Satisfaction
81%
Goats Head Soup 16 Weeks #1 (1 Week) Angie
78%
Tattoo You 24 Weeks #2 Start Me Up
72%
Sticky Fingers 12 Weeks #1 (2 Weeks) Brown Sugar
69%
Aftermath 11 Weeks #1 (2 Weeks) Paint It Black
69%
Some Girls 20 Weeks #1 (1 Week) Miss You
63%
Through the Past, Darkly (Big Hits Vol. 2) 12 Weeks #3 Jumpin' Jack Flash
56%
Sticky Fingers 8 Weeks #28 Wild Horses
56%
Between the Buttons 12 Weeks #1 (1 Week) Ruby Tuesday
53%
Emotional Rescue 19 Weeks #3 Emotional Rescue
50%
Some Girls 13 Weeks #8 Beast of Burden
47%
December's Children (and Everybody's) 12 Weeks #1 (2 Weeks) Get Off of My Cloud
47%
Exile on Main St. 10 Weeks #7 Tumbling Dice
47%
Through the Past, Darkly (Big Hits Vol. 2) 15 Weeks #1 (4 Weeks) Honky Tonk Women
44%
Beggars Banquet 6 Weeks #48 Street Fighting Man
44%
Let It Bleed 8 Weeks #42 You Can't Always Get What You Want
44%
Big Hits (High Tide and Green Grass) 10 Weeks #2 19th Nervous Breakdown
38%
12 X 5 13 Weeks #6 Time Is on My Side
38%
Tattoo You 15 Weeks #13 Waiting on a Friend
38%
Dirty Work 13 Weeks #5 Harlem Shuffle
34%
Aftermath 9 Weeks #8 Mothers Little Helper
34%
Their Satanic Majesties Request 7 Weeks #25 She's a Rainbow
34%
Undercover 14 Weeks #9 Undercover of the Night
34%
Between the Buttons 8 Weeks #55 Let's Spend the Night Together
31%
Steel Wheels 12 Weeks #5 Mixed Emotions
31%
December's Children (and Everybody's) 9 Weeks #6 As Tears Go By
28%
Exile on Main St 8 Weeks #22 Happy
28%
Black and Blue 6 Weeks #49 Hot Stuff / Fool To Cry
28%
Some Girls 10 Weeks #31 Shattered
28%
Out of Our Heads 10 Weeks #9 The Last Time
28%
Emotional Rescue 13 Weeks #26 She's So Cold
25%
Black and Blue 9 Weeks #10 Fool to Cry
22%
Tattoo You 11 Weeks #20 Hang Fire
22%
12 X 5 10 Weeks #26 It's All Over Now
22%
Aftermath 6 Weeks #24 Lady Jane
22%
Voodoo Lounge 5 Weeks #91 Love is Strong
22%
Out of Our Heads 1 Week #96 Play with Fire
22%
It's Only Rock 'n Roll 10 Weeks #17 Ain't Too Proud to Beg
19%
Flashpoint 7 Weeks #57 Highwire
19%
It's Only Rock 'n Roll 10 Weeks #16 It's Only Rock 'n Roll (But I Like It)
19%
The Rolling Stones (England's Biggest Hit Makers) 13 Weeks #48 Not Fade Away
19%
Dirty Work 11 Weeks #28 One Hit (To The Body)
19%
Metamorphosis 3 Weeks #81 Out of Time
19%
Through the Past, Darkly (Big Hits Vol. 2) 8 Weeks #14 Dandelion
16%
Still Life 11 Weeks #25 Going to a Go-Go
16%
Steel Wheels 14 Weeks #23 Rock and a Hard Place
16%
Goats Head Soup 11 Weeks #15 Doo Doo Doo Doo Doo (heartbreaker)
13%
The Rolling Stones Now! 9 Weeks #19 Heart of Stone
13%
Voodoo Lounge 15 Weeks #60 Out of Tears
13%
Bridges to Babylon 4 Weeks #94 Saint of Me
13%
Through the Past, Darkly (Big Hits Vol. 2) 6 Weeks #50 We Love You
13%
Steel Wheels 9 Weeks #50 Almost Hear You Sigh
9%
Big Hits (High Tide and Green Grass) 7 Weeks #9 Have You Seen Your Mother, Baby, Standing in the Shadow
9%
Undercover 9 Weeks #44 She Was Hot
9%
Metamorphisis 6 Weeks #42 I Don't Know Why
6%
The Rolling Stones 10 Weeks #24 Tell Me (You're Coming Back)
6%
Beggars to Banquet 1 Week #97 Sympathy for the Devil (Remixes)
0%
No matching quizzes found
Score Distribution
Percent of People with Each Score
Percentile by Number Answered
Your Score History
You have not taken this quiz